000 02584nam a2200337 a 4500
001 000008911
003 DO-SdBNP
005 20241008113522.0
007 000008911
008 090921s1990 dr 000 0 spa d
020 _a8489525358
040 _aBPMSU
_bspa
_cBPMSU
082 4 _aRD860.9
_bA347e 1990
_222
100 1 _aAlcántara Almanzar, José,
_d1946 -
245 1 4 _aLos escritores dominicanos y la cultura /
_cJosé Alcántara Almanzar.
260 _aSanto Domingo :
_bInstituto Tecnológico de Santo Domingo,
_c1990.
300 _a226 p. ;
_c23 cm.
490 0 _aMonografías,
_v21
500 _aIncluye referencias bibliográficas y notas al pie de las páginas
500 _aIncluye datos biográficos del autor en la solapa de la cubierta
500 _aIncluye índice onomástico.
504 _aBibliografía: p. 217-218
505 1 _aPrólogo -- Tres poetas -- Manuel Rueda y los caminos de la poesía -- Introducción -- Hombres del país de nadie -- Máscara -- Todos los cuerpos -- La palabra y su sombra -- Testamento abierto -- Los días permitidos -- Conclusión -- Poesia de Freddy Gatón Arce -- I. Son Guerras y amores: un libro de excelencia poética -- Los trabajos y los días de un poeta -- Los enigmas de la poesía -- Las claves de la vida y la muerte -- Los signos callantes -- Fábula de la aldea -- II. Y con auer tanto tiempo -- Introducción -- La historia en el poema -- Sobre antítesis y dicotomías -- Lenguaje y recursos -- Conclusión -- III. El poniente -- Hitos de discernimiento y cantos comunes de un poeta -- V. Estos días de tíbar -- Reflexiones sobre la poesía de Virgilio Díaz Ordoñez -- II. Escritura y sociedad -- Hostos, el escritor necesario -- Aspectos sociológicos en la obra de Pedro Henríquez Ureña -- Abril del 65 en la literatura dominicana sobre literatura dominicana 1965-1985 -- Introducción -- La primera década: testimonios y compromiso -- El pluralismo -- La segunda década: el auge de la narrativa -- Conclusión -- III. Los escritores y la cultura -- La cultura dominicana: ¿identidad o diversidad? -- Los escritores dominicanos durante la dictadura de Trujillo -- Los escritores y la política cultural -- Apéndice -- Referencias bibliográficas -- Índice onomástico.
590 _aInventariado, 2024/VM
650 4 _aLiteratura dominicana
_xHistoria y crítica
650 4 _aLiteratura y sociedad.
650 4 _aPoesía dominicana
_xHistoria y crítica
650 4 _aAutores dominicanos
_xCrítica e interpretación
910 _aVMateo V. Control de calidad BPMSU
942 _2ddc
_cBK
999 _c8156
_d8156